|
|
|
|
| LEADER |
01842nam a2200469 i 4500 |
| 001 |
EBC1699603 |
| 003 |
MiAaPQ |
| 005 |
20200520144314.0 |
| 006 |
m o d | |
| 007 |
cr cnu|||||||| |
| 008 |
150604t20142014gw o 001 0 ger d |
| 020 |
|
|
|z 9783110338331
|
| 020 |
|
|
|a 9783110338416
|q (electronic bk.)
|
| 035 |
|
|
|a (MiAaPQ)EBC1699603
|
| 035 |
|
|
|a (Au-PeEL)EBL1699603
|
| 035 |
|
|
|a (CaPaEBR)ebr11057222
|
| 035 |
|
|
|a (CaONFJC)MIL806743
|
| 035 |
|
|
|a (OCoLC)912321243
|
| 040 |
|
|
|a MiAaPQ
|b eng
|e rda
|e pn
|c MiAaPQ
|d MiAaPQ
|
| 043 |
|
|
|a e-gx---
|
| 050 |
|
4 |
|a KK2250
|b .S744 2014
|
| 082 |
0 |
|
|a 346.430922
|2 23
|
| 100 |
1 |
|
|a Steffens, Karl-Heinz
|c (Lawyer),
|e author.
|
| 245 |
1 |
0 |
|a Praxishandbuch Schiffsfonds /
|c Karl-Heinz Steffens, Claudia Dressler.
|
| 264 |
|
1 |
|a Berlin, [Germany] :
|b De Gruyter,
|c 2014.
|
| 264 |
|
4 |
|c 2014
|
| 300 |
|
|
|a 1 online resource (559 pages).
|
| 336 |
|
|
|a text
|2 rdacontent
|
| 337 |
|
|
|a computer
|2 rdamedia
|
| 338 |
|
|
|a online resource
|2 rdacarrier
|
| 490 |
0 |
|
|a De Gruyter Praxishandbuch
|
| 500 |
|
|
|a Includes index.
|
| 588 |
|
|
|a Description based on print version record.
|
| 590 |
|
|
|a Electronic reproduction. Ann Arbor, MI : ProQuest, 2016. Available via World Wide Web. Access may be limited to ProQuest affiliated libraries.
|
| 650 |
|
0 |
|a Mutual funds
|x Law and legislation
|z Germany.
|
| 650 |
|
0 |
|a Shipping
|z Germany
|x Finance.
|
| 650 |
|
0 |
|a Maritime law
|z Germany.
|
| 655 |
|
4 |
|a Electronic books.
|
| 700 |
1 |
|
|a Dressler, Claudia,
|e author.
|
| 776 |
0 |
8 |
|i Print version:
|a Steffens, Karl-Heinz, (lawyer)
|t Praxishandbuch Schiffsfonds.
|d Berlin, [Germany] : De Gruyter, c2014
|h xxv, 533 pages
|k De Gruyter Praxishandbuch
|z 9783110338331
|w 2014427213
|
| 797 |
2 |
|
|a ProQuest (Firm)
|
| 856 |
4 |
0 |
|u https://ebookcentral.proquest.com/lib/matrademy/detail.action?docID=1699603
|z Click to View
|